Russian foreign policy : (Record no. 14416)

000 -LEADER
fixed length control field 01500cam a2200313 a 4500
001 - CONTROL NUMBER
control field 16829173
005 - DATE AND TIME OF LATEST TRANSACTION
control field 20170105102854.0
008 - FIXED-LENGTH DATA ELEMENTS--GENERAL INFORMATION
fixed length control field 110615s2011 mdua b 001 0 eng
010 ## - LIBRARY OF CONGRESS CONTROL NUMBER
LC control number 2011025307
020 ## - INTERNATIONAL STANDARD BOOK NUMBER
International Standard Book Number 9781442208247 (cloth : alk. paper)
020 ## - INTERNATIONAL STANDARD BOOK NUMBER
International Standard Book Number 9781442208254 (pbk. : alk. paper)
020 ## - INTERNATIONAL STANDARD BOOK NUMBER
International Standard Book Number 9781442208261 (electronic)
040 ## - CATALOGING SOURCE
Original cataloging agency DLC
Transcribing agency DLC
042 ## - AUTHENTICATION CODE
Authentication code pcc
043 ## - GEOGRAPHIC AREA CODE
Geographic area code e-ru---
050 00 - LIBRARY OF CONGRESS CALL NUMBER
Classification number JZ1616
Item number .M36 2011
082 00 - DEWEY DECIMAL CLASSIFICATION NUMBER
Classification number 327.47
Edition number 23
100 1# - MAIN ENTRY--PERSONAL NAME
Personal name Mankoff, Jeffrey,
Dates associated with a name 1977-
245 10 - TITLE STATEMENT
Title Russian foreign policy :
Remainder of title the return of great power politics /
Statement of responsibility, etc. Jeffrey Mankoff.
250 ## - EDITION STATEMENT
Edition statement 2nd ed.
260 ## - PUBLICATION, DISTRIBUTION, ETC.
Place of publication, distribution, etc. Lanham, Md. :
Name of publisher, distributor, etc. Rowman & Littlefield Publishers,
Date of publication, distribution, etc. 2011.
300 ## - PHYSICAL DESCRIPTION
Extent xii, 345 p. :
Other physical details ill. ;
Dimensions 24 cm.
504 ## - BIBLIOGRAPHY, ETC. NOTE
Bibliography, etc. note Includes bibliographical references and index.
505 0# - FORMATTED CONTENTS NOTE
Formatted contents note Introduction: the guns of August -- Contours of Russian foreign policy -- Bulldogs fighting under the rug: the making of Russian foreign policy -- Resetting expectations: Russia and the United States -- Europe: between integration and confrontation -- Rising China and Russia's Asian vector -- Playing with home field advantage? Russia and its post-Soviet neighbors -- Conclusion: dealing with Russia's foreign policy reawakening.
651 #0 - SUBJECT ADDED ENTRY--GEOGRAPHIC NAME
Geographic name Russia (Federation)
General subdivision Foreign relations
Chronological subdivision 21st century.
906 ## - LOCAL DATA ELEMENT F, LDF (RLIN)
a 7
b cbc
c orignew
d 1
e ecip
f 20
g y-gencatlg
942 ## - ADDED ENTRY ELEMENTS (KOHA)
Source of classification or shelving scheme
Koha item type Book
Holdings
Withdrawn status Lost status Damaged status Not for loan Collection code Permanent Location Current Location Shelving location Date acquired Total Checkouts Full call number Barcode Date last seen Price effective from Koha item type
          Centre for International Peace & Stability (CIPS) Centre for International Peace & Stability (CIPS) General Stacks 08/26/2013   327.47 MAN 2011 CIPS0000784 08/26/2013 08/26/2013 Book
© 2023 Central Library, National University of Sciences and Technology. All Rights Reserved.